ESTABLISHING a business in Nigeria

Salvato in:
Dettagli Bibliografici
Autore principale: [edited by TAIWO, Abdullahi and Co; Solicitors]
Natura: Libro
Lingua:inglese
Pubblicazione: 1982
Tags: Aggiungi Tag
Nessun Tag, puoi essere il primo ad aggiungerne!!

MARC

LEADER 00000nam a22000007a 4500
008 210609b ||||| |||| 00| 0 eng d
100 |a [edited by TAIWO, Abdullahi and Co; Solicitors] 
245 |a ESTABLISHING a business in Nigeria  |c [edited by Abdulai, Taiwo & Co; Solicitors]  |g ix, 69p. 
250 |c [edited by Abdulai, Taiwo & Co; Solicitors] 
260 |c 1982  |l HC517 .N6Es8  |m Industrial promotion – Nigeria.  |m Nigeria – Commercial policy. 
942 |a lcc  |c BK  |e YUNUSA, A.A.  |f 9/6/21 
952 |0 0  |1 0  |2 lcc  |4 0  |6 HC0517 N6 E S8  |7 0  |9 2548  |a HOL  |b HOL  |c GJ  |d 2021-06-09  |l 0  |o HC517 .N6Es8  |p 2021-6399  |r 2021-06-09 00:00:00  |w 2021-06-09  |y BK 
999 |c 1329  |d 1329